000
00204 a2200097 4500
001
19620
100
_a
Sears F W
245
_a
Thermodynamics
260
_a
_b
Addison Wesley
_c
1970
090
_c
14305
_d
14305
942
_a
NUST-CAE
_c
M
_c
4787
999
_c
254693
_d
254693